| 000 | 00939nam a2200277 a 4500 | ||
|---|---|---|---|
| 001 | 000044911 | ||
| 003 | DO-SdBNP | ||
| 005 | 20180315093926.0 | ||
| 007 | 000044911 | ||
| 008 | 150119s2002 dr a 000 0 spa d | ||
| 020 | _a9993487384 | ||
| 040 |
_aBPMET _bspa _cBPMET |
||
| 092 |
_axxxxxxx _bxxxxxxx |
||
| 100 | _4Padilla, Waldo | ||
| 245 | 0 | 0 |
_aAgropecuaria : _beducación media / _cWaldo Padilla, Marcos Morales ; ilustración Ruddy Núñez |
| 260 |
_aSanto Domingo : _bSantillada, _c2002. |
||
| 300 |
_a127 p. : _bil.: _c28 cm. |
||
| 490 | 1 | _aUmbral | |
| 505 | 0 |
_tEl sector agropecuario -- _tLos sistemas agrarios -- _tLa agricultura -- _tEl bosque y la ecología -- _tPecuaria, acuacultura y agricultura urbana -- |
|
| 700 | _4Morales, Marcos | ||
| 700 |
_4Núñez, Ruddy _ail. |
||
| 830 | 0 | _aUmbral | |
| 942 |
_2ddc _cBK |
||
| 945 | _aRemanejado para la BNPHU / 2018 VM | ||
| 956 |
_aVMATEO _b10 _c20150706 _lBPMSU _h0069 |
||
| 999 |
_c7290 _d7290 |
||